书目信息 |
| 题名: |
燃油燃气锅炉
|
|
| 作者: | 赵钦 , 惠世恩 主编 | |
| 分册: | ||
| 出版信息: | 西安 西安交通大学出版社 2000.05 |
|
| 页数: | 708页 | |
| 开本: | 16开 | |
| 丛书名: | ||
| 单 册: | ||
| 中图分类: | TK229 | |
| 科图分类: | ||
| 主题词: | 锅炉 | |
| 电子资源: | ||
| ISBN: | 7-5605-1173-2 | |
| 000 | 00581nam0 2200205 45 | |
| 001 | 0012041653 | |
| 005 | 20001204163106.7 | |
| 010 | @a7-5605-1173-2@d60.00元 | |
| 100 | @a20001204d2000 km y0chiy0120 ea | |
| 101 | 0 | @achi |
| 105 | @a z 000yy | |
| 200 | 1 | @a燃油燃气锅炉@ARan You Ran Qi Guo Lu@f赵钦,惠世恩主编@FZhao Qin,Hui Shi En Zhu Bian |
| 210 | @a西安@c西安交通大学出版社@d2000.05 | |
| 215 | @a708页@d16开 | |
| 606 | 0 | @a锅炉 |
| 690 | @aTK229@v3 | |
| 701 | 0 | @a赵钦@4主编 |
| 701 | 0 | @a惠世恩@4主编 |
| 801 | @aCN@bPftUser@c20001204 | |
| 905 | @b513228-229@dTK229@eZH896@f2 | |
| 燃油燃气锅炉/赵钦,惠世恩主编.-西安:西安交通大学出版社,2000.05 |
| 708页;16开 |
| ISBN 7-5605-1173-2:60.00元 |
| ● |
| 相关链接 |
|
|
|
正题名:燃油燃气锅炉
索取号:TK229/ZH896
 
预约/预借
| 序号 | 登录号 | 条形码 | 馆藏地/架位号 | 状态 | 备注 |
| 1 | 513228 | 205132284 | 自科库501/501自科库 136排5列2层/ [索取号:TK229/ZH896] | 在馆 | |
| 2 | 513229 | 205132293 | 期刊室512/501自科库 136排5列2层/ [索取号:TK229/ZH896] | 在馆 |